| 000 | 00877nam a22002777a 4500 | ||
|---|---|---|---|
| 003 | CHAP | ||
| 005 | 20220329135629.0 | ||
| 008 | 971013s1980 r 00010 d | ||
| 010 | _a39616 | ||
| 011 | _a40588 | ||
| 035 | _a44714 | ||
| 040 | _cCHAP | ||
| 082 |
_a551.5 _bE83 |
||
| 110 |
_aE.U.A. Committee for the Globla Atmospheric Research Program _934866 |
||
| 245 | _aUnderstanding climatic change ; a program for action | ||
| 260 |
_aDetroit, Mich. : _bGrand River, _c1980 |
||
| 300 |
_a235 p. _b; gráfs. |
||
| 590 |
_aBATCH-UPD _b10 _c20130110 _lUCH01 _h1351 |
||
| 590 |
_aBATCH-UPD _b10 _c20130410 _lUCH01 _h0847 |
||
| 590 |
_aBATCH-UPD _b10 _c20130914 _lUCH01 _h0949 |
||
| 590 |
_aCONVERSION _b10 _c20130109 _lUCH01 _h1322 |
||
| 650 | 1 | 4 |
_aClimatología. _923864 |
| 901 | _aBK | ||
| 942 | _cLIBRO | ||
| 949 |
_a551.5 E83 _bBC _cLIBRO _d33724000239877 _eLIBRO _h54902 _i44714 _si |
||
| 999 |
_c39616 _d39616 |
||